000 00578nam a2200229Ia 4500
003 0100
008 130303s9999 xx 000 0 und d
020 _a0873957458
040 _cARRUPELIB
050 _aB3279.H94S7 1983
100 _aStapleton, Timothy J
245 _aHusserl and Heidegger
245 _bthe question of a phenomenological beginning
260 _aAlbany
260 _bState University of New York Press
260 _C1983
300 _a148p.
300 _b 23 cm.
440 _aSUNY series in philosophy
650 _aPHILOSOPHY
942 0 0 _04
999 _c24496
_d24496